Estudio integral de Farmacias EOS S.A., para el incremento de la productividad y la calidad del servicio al cliente
Uloženo v:
| Hlavní autor: | |
|---|---|
| Další autoři: | |
| Médium: | Kniha |
| Vydáno: |
San José, Costa Rica
1993
|
| Témata: | |
| Tagy: |
Přidat tag
Žádné tagy, Buďte první, kdo vytvoří štítek k tomuto záznamu!
|
MARC
| LEADER | 00000nam a2200000Ia 4500 | ||
|---|---|---|---|
| 003 | 007448 | ||
| 005 | 20221231144303.0 | ||
| 008 | 140114s1993 cr a m 000 ||s d | ||
| 040 | |c cru CEDI | ||
| 090 | |a TFG 3158 | ||
| 100 | |a Rodríguez León, Ronny |9 11275 | ||
| 245 | |a Estudio integral de Farmacias EOS S.A., para el incremento de la productividad y la calidad del servicio al cliente | ||
| 260 | |c 1993 |a San José, Costa Rica | ||
| 300 | |a xix, 193, [111] hojas : ilustraciones ; 28 cm. | ||
| 500 | |a Tesis (licenciatura en ingenieria industrial). -- Universidad de Costa Rica. Facultad de Ingeniería. Escuela de Ingenieria Industrial | ||
| 650 | |x FARMACIAS EOS S.A. (COSTA RICA) - ADMINISTRACION |x CONTROL DE CALIDAD |x SERVICIO AL CLIENTE |9 11277 | ||
| 700 | |9 11276 |a Vieto Piñeres, Jorge | ||
| 942 | |c TFG |2 ddc | ||
| 999 | |c 19608 |d 19608 | ||
